| 000 | 01404pab a2200193 454500 | ||
|---|---|---|---|
| 008 | 180718b1996 xxu||||| |||| 00| 0 eng d | ||
| 100 | _aKabra, Kamal Nayan | ||
| 245 | _aParadigm of liberalisation: compatibility with social concerns? | ||
| 260 | _c1996 | ||
| 300 | _ap.270-283. | ||
| 362 | _aJul-Sep | ||
| 520 | _aDiscussing basic components of liberalisation and the theoretical arguments advanced by its advocates, the author exposes their limitations and one-sidedness and examines the empirical challenges emanating from the developed and developing countries to which the liberalisation regime is supposed to respond. On this basis, he maintains that liberalisation package is a response to the compulsions of the First World and that the Third World is made to adjust to their needs in order to subserve their interests - mainly debt collection from and continued lending to the Third World - to point out that social concerns of countries like India do not form part of either the ideology or the aetiology of liberalisation. To him it, in fact, diverts resources and policies away from our social concerns, substituting them by the so-called "human face" (or mask). - Reproduced | ||
| 650 | _aLiberalization - India | ||
| 650 | _aStructural adjustment - India | ||
| 650 | _aEconomic liberalization | ||
| 773 | _aIndian Journal of Public Administration | ||
| 908 | _aN | ||
| 909 | _a32757 | ||
| 999 |
_c32757 _d32757 |
||